000 00306nam a2200133Ia 4500
008 221030s9999 xx 000 0 und d
041 _aEnglish
082 _a105.23
100 _aJ Honeycutt
245 0 _aMicrosoft Window XP Registry Guide
_cby J Honeycutt
260 _c0
650 _aMc
942 _cBK
999 _c10739
_d10739